1387 1416 1519 1453 1003 1021 1259 1577 1362 1666 1137 1459 1652 1279 1815 1206 1062 1110 1937 1365 1660 1516 1331 1576 1632 1869 1642 1128 1888 1218 1534 1904 1046 1178 1578 1924 1931 1157 1532 1955 1976 1933 1151 1910 1469 1741 1552 1599 1659 1582 1321 1476 1945 1513 1367 1640 1291 1960 1633 1480 1999 1104 1866 1148 1481 1763 1237 1053 1872 1658 1033 1583 1871 1767 1413 1606 1468 1961 1414 1859 1841 1698 1860 1259 1317 1972 1215 1676 1096 1590 1690 1920 1907 1491 1991 1216 1972 1908 1665 BCNSPRNW ULIB Ver.6.0+V

เปลี่ยนเป็นภาษาไทย

Change to English
 แสดงรายละเอียดบรรณานุกรม
  กลับหน้าหลัก

Brief Record : Get Marc (ISO 2709) : E-mail record : QR code < ปิดหน้าต่าง
LEADER : 00000nam 2200000uu 4500
001    13399113617
003     ULIB
008    111124s2553||||th 000 0 tha d
020    ^a9786167077017
090    ^aนว.^bอ429พ 2553
100 0  ^aอลินน์
245 00 ^aพรางภพเจาะเวลาหาหัวใจ/^cอลินน์
250    ^aพิมพ์ครั้งที่ 1
260    ^aกรุงเทพฯ :^bสาริน,^c2553
300    ^a313 หน้า
710 1  ^aสาริน
945    ^p229^l0^i17078
995    ^aทศพร
999    ^aใช้งานได้ทุกระบบ
รายการนี้ยังไม่มีแท็ก
คุณยังไม่ได้ล็อกอิน คุณสามารถมีกิจกรรมร่วมกับเว็บไซต์ได้ แต่ต้องล็อกอินก่อน ::
  ล็อกอิน

รายการสื่อสารสนเทศ

ลำดับที่ ประเภท เลขเรียก/บาร์โค้ด สถานที่ สถานะ
1. นวนิยาย
นวนิยาย
นว. อ429พ 2553 ฉ.1 
  Barcode: 17078
ห้องสมุดวิทยาเขตสวรรค์ประชารักษ์
►นวนิยาย
บนชั้น
  ขอยืม

รายการใกล้เคียง
    ผู้แต่ง [อลินน์]

BibComment


ยังไม่เคยถูกคอมเมนท์

คอมเมนท์ทรัพยากรรายการนี้
  คอมเมนท์: พรางภพเจาะเวลาหา..


 Copyright 2026. Bcnsprnw @Library